00396nam a2200133Ia 4500008004100000041001200041082001800053100005600071245004800127250001300175260003700188300001500225650002200240231217s9999 xx 000 0 und d aEnglish a005.43 FOL;7 aFoley, James D. Van Dam, Andries. Feiner, Steven K. 0aComputer graphics : principles and practice a2nd ed.  c1987bNew York : Addison-Wesley, axxiii+1174 aComputer graphics